[Event "1st 4NCL Easter Congress"]
[Site "Stevenage"]
[Date "2019.04.21"]
[Round "5"]
[Board "3"]
[White "Gibbs, Dominic V"]
[Black "Cherupalli, Ramprasad"]
[Result "1/2-1/2"]
[WhiteElo "1946"]
[BlackElo "1859"]
[PlyCount "0"]
[EventDate "2019.04.19"]
[EventRounds "7"]
[EventCountry "ENG"]

1. e4 {[%clk 01:30:13]} {[%emt 00:00:46]} e5 {[%clk 01:30:52]} {[%emt
00:00:08]} 2. Nf3 {[%clk 01:30:31]} {[%emt 00:00:12]} Nf6 {[%clk 01:31:15]}
{[%emt 00:00:08]} 3. Nxe5 {[%clk 01:30:47]} {[%emt 00:00:14]} d6 {[%clk
01:31:33]} {[%emt 00:00:11]} 4. Nf3 {[%clk 01:30:59]} {[%emt 00:00:19]} Nxe4
{[%clk 01:31:49]} {[%emt 00:00:13]} 5. Nc3 {[%clk 01:31:20]} {[%emt 00:00:09]}
Nf6 {[%clk 01:31:49]} {[%emt 00:00:29]} 6. d4 {[%clk 01:30:29]} {[%emt
00:01:21]} d5 {[%clk 01:32:13]} {[%emt 00:00:06]} 7. Bd3 {[%clk 01:29:34]}
{[%emt 00:01:25]} Be7 {[%clk 01:32:33]} {[%emt 00:00:10]} 8. h3 {[%clk
01:28:42]} {[%emt 00:01:23]} Nc6 {[%clk 01:31:53]} {[%emt 00:01:10]} 9. O-O
{[%clk 01:25:33]} {[%emt 00:03:39]} O-O {[%clk 01:22:52]} {[%emt 00:09:31]} 10.
a3 {[%clk 01:20:40]} {[%emt 00:05:22]} a6 {[%clk 01:17:16]} {[%emt 00:06:07]}
11. Bf4 {[%clk 01:19:01]} {[%emt 00:02:08]} Nh5 {[%clk 01:07:59]} {[%emt
00:09:48]} 12. Be3 {[%clk 01:16:05]} {[%emt 00:03:25]} f5 {[%clk 01:07:02]}
{[%emt 00:01:27]} 13. Ne5 {[%clk 01:14:44]} {[%emt 00:01:51]} Nxe5 {[%clk
01:00:30]} {[%emt 00:07:03]} 14. dxe5 {[%clk 01:13:49]} {[%emt 00:01:25]} g6
{[%clk 01:00:55]} {[%emt 00:00:06]} 15. Bh6 {[%clk 01:12:06]} {[%emt 00:02:12]}
Ng7 {[%clk 01:01:02]} {[%emt 00:00:23]} 16. b4 {[%clk 01:07:04]} {[%emt
00:05:32]} a5 {[%clk 00:56:55]} {[%emt 00:04:37]} 17. Qf3 {[%clk 01:03:14]}
{[%emt 00:04:19]} Be6 {[%clk 00:54:29]} {[%emt 00:02:57]} 18. b5 {[%clk
01:03:09]} {[%emt 00:00:34]} Re8 {[%clk 00:41:21]} {[%emt 00:13:38]} 19. Ne2
{[%clk 01:01:56]} {[%emt 00:01:43]} Bf8 {[%clk 00:38:44]} {[%emt 00:03:08]} 20.
Nf4 {[%clk 01:01:12]} {[%emt 00:01:13]} Bf7 {[%clk 00:36:45]} {[%emt 00:02:29]}
21. Rfe1 {[%clk 01:00:24]} {[%emt 00:01:18]} Ne6 {[%clk 00:34:56]} {[%emt
00:02:20]} 22. Nxe6 {[%clk 00:58:06]} {[%emt 00:02:47]} Bxe6 {[%clk 00:35:09]}
{[%emt 00:00:18]} 23. Bxf8 {[%clk 00:58:22]} {[%emt 00:00:15]} Rxf8 {[%clk
00:35:14]} {[%emt 00:00:25]} 24. a4 {[%clk 00:55:26]} {[%emt 00:03:26]} Qe7
{[%clk 00:33:30]} {[%emt 00:02:13]} 25. c3 {[%clk 00:47:35]} {[%emt 00:08:21]}
Qf7 {[%clk 00:33:16]} {[%emt 00:00:44]} 26. Qf4 {[%clk 00:46:26]} {[%emt
00:01:39]} Kh8 {[%clk 00:32:05]} {[%emt 00:01:41]} 27. Rac1 {[%clk 00:44:39]}
{[%emt 00:02:17]} c5 {[%clk 00:30:27]} {[%emt 00:02:08]} 28. bxc6 {[%clk
00:44:52]} {[%emt 00:00:17]} bxc6 {[%clk 00:30:47]} {[%emt 00:00:10]} 29. Rb1
{[%clk 00:43:28]} {[%emt 00:01:54]} Rab8 {[%clk 00:30:22]} {[%emt 00:00:55]} 30.
Qd4 {[%clk 00:38:06]} {[%emt 00:05:52]} Qe7 {[%clk 00:30:36]} {[%emt 00:00:16]}
31. f4 {[%clk 00:35:41]} {[%emt 00:02:56]} Rfd8 {[%clk 00:28:10]} {[%emt
00:02:56]} 32. Qf2 {[%clk 00:35:12]} {[%emt 00:00:58]} c5 {[%clk 00:25:45]}
{[%emt 00:02:56]} 33. Bb5 {[%clk 00:29:21]} {[%emt 00:06:22]} d4 {[%clk
00:25:56]} {[%emt 00:00:19]} 34. cxd4 {[%clk 00:29:30]} {[%emt 00:00:20]} Rxd4
{[%clk 00:26:18]} {[%emt 00:00:07]} 35. Red1 {[%clk 00:29:13]} {[%emt
00:00:48]} Rbd8 {[%clk 00:26:34]} {[%emt 00:00:15]} 36. Rxd4 {[%clk 00:29:33]}
{[%emt 00:00:09]} Rxd4 {[%clk 00:26:49]} {[%emt 00:00:14]} 37. Bc6 {[%clk
00:28:08]} {[%emt 00:01:56]} Qd8 {[%clk 00:22:01]} {[%emt 00:05:17]} 38. Kh2
{[%clk 00:23:40]} {[%emt 00:04:59]} Rb4 {[%clk 00:20:42]} {[%emt 00:01:48]} 39.
Rc1 {[%clk 00:22:25]} {[%emt 00:01:45]} Qd4 {[%clk 00:20:17]} {[%emt 00:00:55]}
40. Qh4 {[%clk 00:19:20]} {[%emt 00:03:35]} Kg8 {[%clk 00:18:30]} {[%emt
00:02:17]} 41. Bf3 {[%clk 00:15:48]} {[%emt 00:04:01]} Rxa4 {[%clk 00:13:46]}
{[%emt 00:05:15]} 42. Bc6 {[%clk 00:12:10]} {[%emt 00:04:08]} Rb4 {[%clk
00:12:13]} {[%emt 00:02:03]} 43. Ra1 {[%clk 00:09:41]} {[%emt 00:03:00]} Qxf4+
{[%clk 00:10:22]} {[%emt 00:02:20]} 44. Qxf4 {[%clk 00:10:03]} {[%emt
00:00:08]} Rxf4 {[%clk 00:10:45]} {[%emt 00:00:07]} 45. Rxa5 {[%clk 00:10:27]}
{[%emt 00:00:06]} c4 {[%clk 00:10:45]} {[%emt 00:00:30]} 46. Rc5 {[%clk
00:07:25]} {[%emt 00:03:32]} g5 {[%clk 00:08:57]} {[%emt 00:02:18]} 47. Bb5
{[%clk 00:07:20]} {[%emt 00:00:35]} Re4 {[%clk 00:07:24]} {[%emt 00:02:02]} 48.
Kg3 {[%clk 00:05:02]} {[%emt 00:02:48]} f4+ {[%clk 00:06:20]} {[%emt 00:01:34]}
49. Kf2 {[%clk 00:05:30]} {[%emt 00:00:02]} h5 {[%clk 00:04:50]} {[%emt
00:02:01]} 50. Be8 {[%clk 00:03:48]} {[%emt 00:02:12]} Bf7 {[%clk 00:04:03]}
{[%emt 00:01:16]} 51. Bd7 {[%clk 00:03:12]} {[%emt 00:01:07]} Kf8 {[%clk
00:03:14]} {[%emt 00:01:18]} 52. e6 {[%clk 00:02:21]} {[%emt 00:01:22]} Bxe6
{[%clk 00:03:24]} {[%emt 00:00:19]} 53. Bxe6 {[%clk 00:02:43]} {[%emt
00:00:08]} Rxe6 {[%clk 00:03:50]} {[%emt 00:00:04]} 54. Rxg5 {[%clk 00:01:44]}
{[%emt 00:01:29]} Rc6 {[%clk 00:02:22]} {[%emt 00:01:58]} 55. Ke2 {[%clk
00:02:00]} {[%emt 00:00:14]} c3 {[%clk 00:02:48]} {[%emt 00:00:05]} 56. Kd1
{[%clk 00:02:21]} {[%emt 00:00:09]} c2+ {[%clk 00:02:52]} {[%emt 00:00:26]} 57.
Kc1 {[%clk 00:02:50]} {[%emt 00:00:01]} Rc4 {[%clk 00:02:57]} {[%emt 00:00:24]}
58. Rxh5 {[%clk 00:01:57]} {[%emt 00:01:23]} Kg7 {[%clk 00:03:16]} {[%emt
00:00:10]} 59. Rd5 {[%clk 00:01:40]} {[%emt 00:00:46]} Kf6 {[%clk 00:03:14]}
{[%emt 00:00:33]} 60. Ra5 {[%clk 00:01:11]} {[%emt 00:01:00]} Re4 {[%clk
00:02:47]} {[%emt 00:00:57]} 61. Kxc2 {[%clk 00:01:11]} {[%emt 00:00:30]} Re2+
{[%clk 00:03:16]} {[%emt 00:00:01]} 62. Kd3 {[%clk 00:01:30]} {[%emt 00:00:11]}
Rxg2 {[%clk 00:03:42]} {[%emt 00:00:04]} 63. Ke4 {[%clk 00:01:34]} {[%emt
00:00:26]} Rf2 {[%clk 00:03:03]} {[%emt 00:01:08]} 64. Rf5+ {[%clk 00:01:03]}
{[%emt 00:01:01]} Kg6 {[%clk 00:03:19]} {[%emt 00:00:12]} 65. Rxf4 {[%clk
00:01:02]} {[%emt 00:00:32]} Rxf4+ {[%clk 00:03:40]} {[%emt 00:00:10]} 66. Kxf4
{[%clk 00:01:31]} {[%emt 00:00:01]} Kh7 {[%clk 00:04:01]} {[%emt 00:00:09]}
 1/2-1/2

[Event "1st 4NCL Easter Congress"]
[Site "Stevenage"]
[Date "2019.04.21"]
[Round "5"]
[Board "4"]
[White "De Coverly, Roger D"]
[Black "Gibson, Christopher A"]
[Result "1-0"]
[WhiteElo "1953"]
[BlackElo "1887"]
[PlyCount "0"]
[EventDate "2019.04.19"]
[EventRounds "7"]
[EventCountry "ENG"]

1. e4 {[%clk 01:30:57]} {[%emt 00:00:02]} e5 {[%clk 01:30:09]} {[%emt
00:00:52]} 2. Nf3 {[%clk 01:31:21]} {[%emt 00:00:05]} Nc6 {[%clk 01:30:33]}
{[%emt 00:00:06]} 3. Bb5 {[%clk 01:31:42]} {[%emt 00:00:10]} f5 {[%clk
01:30:53]} {[%emt 00:00:10]} 4. d3 {[%clk 01:32:07]} {[%emt 00:00:05]} fxe4
{[%clk 01:31:05]} {[%emt 00:00:17]} 5. dxe4 {[%clk 01:32:31]} {[%emt 00:00:06]}
Nf6 {[%clk 01:31:25]} {[%emt 00:00:11]} 6. O-O {[%clk 01:32:27]} {[%emt
00:00:33]} Bc5 {[%clk 01:31:38]} {[%emt 00:00:17]} 7. Nc3 {[%clk 01:32:43]}
{[%emt 00:00:15]} d6 {[%clk 01:31:23]} {[%emt 00:00:46]} 8. Bg5 {[%clk
01:32:44]} {[%emt 00:00:29]} O-O {[%clk 01:30:58]} {[%emt 00:00:55]} 9. Qd3
{[%clk 01:32:05]} {[%emt 00:01:08]} Kh8 {[%clk 01:27:22]} {[%emt 00:04:06]} 10.
Nd5 {[%clk 01:29:02]} {[%emt 00:03:33]} Ne7 {[%clk 01:21:04]} {[%emt 00:06:49]}
11. b4 {[%clk 01:21:18]} {[%emt 00:08:15]} Bb6 {[%clk 01:14:52]} {[%emt
00:06:41]} 12. Nxb6 {[%clk 01:17:11]} {[%emt 00:04:36]} axb6 {[%clk 01:15:11]}
{[%emt 00:00:11]} 13. Rfd1 {[%clk 01:15:01]} {[%emt 00:02:40]} Bg4 {[%clk
00:59:57]} {[%emt 00:15:45]} 14. Rd2 {[%clk 01:13:16]} {[%emt 00:02:15]} h6
{[%clk 00:56:22]} {[%emt 00:04:05]} 15. Bxf6 {[%clk 01:12:50]} {[%emt
00:00:56]} Rxf6 {[%clk 00:54:35]} {[%emt 00:02:16]} 16. Nxe5 {[%clk 01:11:46]}
{[%emt 00:01:34]} Qc8 {[%clk 00:53:17]} {[%emt 00:01:48]} 17. Nxg4 {[%clk
01:10:36]} {[%emt 00:01:40]} Qxg4 {[%clk 00:53:43]} {[%emt 00:00:04]} 18. f3
{[%clk 01:08:03]} {[%emt 00:03:02]} Qg5 {[%clk 00:52:05]} {[%emt 00:02:09]} 19.
Re2 {[%clk 01:06:49]} {[%emt 00:01:44]} Ng6 {[%clk 00:51:09]} {[%emt 00:01:26]}
20. Bc4 {[%clk 00:55:29]} {[%emt 00:11:50]} Ne5 {[%clk 00:29:32]} {[%emt
00:22:07]} 21. Qb3 {[%clk 00:54:27]} {[%emt 00:01:32]} Rxf3 {[%clk 00:28:22]}
{[%emt 00:01:41]} 22. c3 {[%clk 00:54:12]} {[%emt 00:00:45]} Raf8 {[%clk
00:25:33]} {[%emt 00:03:18]} 23. Bd5 {[%clk 00:37:44]} {[%emt 00:16:58]} Rh3
{[%clk 00:08:33]} {[%emt 00:17:30]} 24. Kh1 {[%clk 00:36:02]} {[%emt 00:02:11]}
Rhf3 {[%clk 00:03:13]} {[%emt 00:05:50]} 25. gxf3 {[%clk 00:34:43]} {[%emt
00:01:49]} Rxf3 {[%clk 00:03:28]} {[%emt 00:00:15]} 26. Rg1 {[%clk 00:34:23]}
{[%emt 00:00:50]} Qf4 {[%clk 00:03:11]} {[%emt 00:00:48]} 27. Reg2 {[%clk
00:33:41]} {[%emt 00:01:12]} Rh3 {[%clk 00:02:08]} {[%emt 00:01:32]} 28. Qc2
{[%clk 00:31:56]} {[%emt 00:02:15]} Qf3 {[%clk 00:01:03]} {[%emt 00:01:35]} 29.
Qe2 {[%clk 00:30:22]} {[%emt 00:02:04]}  1-0

[Event "1st 4NCL Easter Congress"]
[Site "Stevenage"]
[Date "2019.04.21"]
[Round "5"]
[Board "5"]
[White "Gittens, Nathan L"]
[Black "Chin, Francis Cw"]
[Result "1-0"]
[WhiteElo "1842"]
[BlackElo "1944"]
[PlyCount "0"]
[EventDate "2019.04.19"]
[EventRounds "7"]
[EventCountry "ENG"]

1. d4 {[%clk 01:30:58]} {[%emt 00:00:01]} d5 {[%clk 01:29:53]} {[%emt
00:01:08]} 2. c4 {[%clk 01:31:19]} {[%emt 00:00:09]} e6 {[%clk 01:30:13]}
{[%emt 00:00:09]} 3. Nc3 {[%clk 01:31:44]} {[%emt 00:00:05]} c6 {[%clk
01:30:34]} {[%emt 00:00:10]} 4. Nf3 {[%clk 01:28:50]} {[%emt 00:03:22]} Nf6
{[%clk 01:30:11]} {[%emt 00:00:54]} 5. e3 {[%clk 01:28:47]} {[%emt 00:00:33]}
Bd6 {[%clk 01:29:23]} {[%emt 00:01:19]} 6. Qc2 {[%clk 01:29:00]} {[%emt
00:00:17]} O-O {[%clk 01:28:38]} {[%emt 00:01:15]} 7. Bd3 {[%clk 01:29:23]}
{[%emt 00:00:07]} Nbd7 {[%clk 01:28:08]} {[%emt 00:01:00]} 8. O-O {[%clk
01:27:35]} {[%emt 00:02:18]} dxc4 {[%clk 01:24:29]} {[%emt 00:04:07]} 9. Bxc4
{[%clk 01:27:58]} {[%emt 00:00:07]} e5 {[%clk 01:24:49]} {[%emt 00:00:10]} 10.
Ne4 {[%clk 01:21:23]} {[%emt 00:07:05]} Nxe4 {[%clk 01:20:47]} {[%emt
00:04:32]} 11. Qxe4 {[%clk 01:20:46]} {[%emt 00:01:07]} Nf6 {[%clk 01:20:50]}
{[%emt 00:00:27]} 12. Qh4 {[%clk 01:21:08]} {[%emt 00:00:09]} e4 {[%clk
01:17:33]} {[%emt 00:03:46]} 13. Ng5 {[%clk 00:58:42]} {[%emt 00:22:58]} Bf5
{[%clk 01:09:56]} {[%emt 00:08:07]} 14. f4 {[%clk 00:56:12]} {[%emt 00:03:00]}
Be7 {[%clk 00:49:15]} {[%emt 00:21:11]} 15. Qe1 {[%clk 00:30:25]} {[%emt
00:26:17]} Qd7 {[%clk 00:46:02]} {[%emt 00:03:44]} 16. h3 {[%clk 00:29:23]}
{[%emt 00:01:32]} h6 {[%clk 00:45:13]} {[%emt 00:01:18]} 17. Nxf7 {[%clk
00:29:44]} {[%emt 00:00:10]} Rxf7 {[%clk 00:45:27]} {[%emt 00:00:16]} 18. Bxf7+
{[%clk 00:30:05]} {[%emt 00:00:09]} Kxf7 {[%clk 00:45:47]} {[%emt 00:00:10]} 19.
g4 {[%clk 00:29:14]} {[%emt 00:01:21]} Nxg4 {[%clk 00:35:30]} {[%emt 00:10:46]}
20. hxg4 {[%clk 00:29:39]} {[%emt 00:00:06]} Bxg4 {[%clk 00:35:56]} {[%emt
00:00:04]} 21. Qg3 {[%clk 00:28:34]} {[%emt 00:01:35]} Qf5 {[%clk 00:35:19]}
{[%emt 00:01:07]} 22. Rf2 {[%clk 00:28:14]} {[%emt 00:00:50]} h5 {[%clk
00:33:00]} {[%emt 00:02:49]} 23. Rg2 {[%clk 00:28:16]} {[%emt 00:00:28]} Bf6
{[%clk 00:31:44]} {[%emt 00:01:45]} 24. Bd2 {[%clk 00:28:30]} {[%emt 00:00:18]}
Bf3 {[%clk 00:31:03]} {[%emt 00:01:10]} 25. Rc1 {[%clk 00:28:18]} {[%emt
00:00:43]} h4 {[%clk 00:19:40]} {[%emt 00:11:52]} 26. Qh2 {[%clk 00:27:56]}
{[%emt 00:00:53]} Bxg2 {[%clk 00:20:00]} {[%emt 00:00:11]} 27. Qxg2 {[%clk
00:28:15]} {[%emt 00:00:11]} h3 {[%clk 00:17:23]} {[%emt 00:03:06]} 28. Qe2
{[%clk 00:28:13]} {[%emt 00:00:32]} Rh8 {[%clk 00:16:54]} {[%emt 00:00:59]} 29.
Kh2 {[%clk 00:25:51]} {[%emt 00:02:51]} Qe6 {[%clk 00:14:08]} {[%emt 00:03:17]}
30. b3 {[%clk 00:23:45]} {[%emt 00:02:37]} Rh6 {[%clk 00:13:02]} {[%emt
00:01:35]} 31. Rc5 {[%clk 00:19:49]} {[%emt 00:04:27]} Kg8 {[%clk 00:09:04]}
{[%emt 00:04:27]} 32. Rh5 {[%clk 00:19:28]} {[%emt 00:00:51]} Be7 {[%clk
00:05:10]} {[%emt 00:04:24]} 33. Rxh6 {[%clk 00:16:56]} {[%emt 00:03:02]} Qxh6
{[%clk 00:05:36]} {[%emt 00:00:03]} 34. Qf1 {[%clk 00:17:12]} {[%emt 00:00:14]}
Qh4 {[%clk 00:03:48]} {[%emt 00:02:18]} 35. Qxh3 {[%clk 00:17:33]} {[%emt
00:00:09]} Kf7 {[%clk 00:03:53]} {[%emt 00:00:26]} 36. Qxh4 {[%clk 00:17:54]}
{[%emt 00:00:09]} Bxh4 {[%clk 00:04:21]} {[%emt 00:00:02]} 37. Kh3 {[%clk
00:18:10]} {[%emt 00:00:14]} Bf2 {[%clk 00:04:39]} {[%emt 00:00:11]} 38. Kg4
{[%clk 00:16:58]} {[%emt 00:01:44]} Kf6 {[%clk 00:04:32]} {[%emt 00:00:37]} 39.
f5 {[%clk 00:17:04]} {[%emt 00:00:25]} g6 {[%clk 00:04:09]} {[%emt 00:00:53]}
40. fxg6 {[%clk 00:17:28]} {[%emt 00:00:06]} Kxg6 {[%clk 00:04:38]} {[%emt
00:00:01]} 41. Kf4 {[%clk 00:17:46]} {[%emt 00:00:12]} Kf6 {[%clk 00:05:02]}
{[%emt 00:00:06]} 42. Kxe4 {[%clk 00:18:11]} {[%emt 00:00:04]} Ke6 {[%clk
00:05:18]} {[%emt 00:00:14]} 43. a4 {[%clk 00:14:42]} {[%emt 00:03:59]} Bh4
{[%clk 00:05:17]} {[%emt 00:00:31]} 44. Bb4 {[%clk 00:14:43]} {[%emt 00:00:28]}
Bd8 {[%clk 00:05:11]} {[%emt 00:00:36]} 45. a5 {[%clk 00:13:34]} {[%emt
00:01:40]} b6 {[%clk 00:05:13]} {[%emt 00:00:28]} 46. a6 {[%clk 00:10:42]}
{[%emt 00:03:22]} Bc7 {[%clk 00:05:18]} {[%emt 00:00:25]} 47. Kd3 {[%clk
00:10:54]} {[%emt 00:00:17]} Kd5 {[%clk 00:04:30]} {[%emt 00:01:19]} 48. e4+
{[%clk 00:11:10]} {[%emt 00:00:14]} Ke6 {[%clk 00:04:55]} {[%emt 00:00:06]} 49.
Kc4 {[%clk 00:11:18]} {[%emt 00:00:22]} Bg3 {[%clk 00:03:01]} {[%emt 00:02:24]}
50. e5 {[%clk 00:10:40]} {[%emt 00:01:07]} Kd7 {[%clk 00:01:24]} {[%emt
00:02:08]} 51. Bd6 {[%clk 00:10:45]} {[%emt 00:00:25]} Kc8 {[%clk 00:01:24]}
{[%emt 00:00:30]} 52. d5 {[%clk 00:10:59]} {[%emt 00:00:16]} cxd5+ {[%clk
00:01:32]} {[%emt 00:00:22]} 53. Kxd5 {[%clk 00:11:25]} {[%emt 00:00:04]} Kd7
{[%clk 00:01:36]} {[%emt 00:00:26]} 54. e6+ {[%emt 00:00:06]}  1-0

[Event "1st 4NCL Easter Congress"]
[Site "Stevenage"]
[Date "2019.04.21"]
[Round "5"]
[Board "6"]
[White "Burrows, Nick"]
[Black "Kolani, Arjun"]
[Result "1/2-1/2"]
[WhiteElo "1932"]
[BlackElo "1598"]
[PlyCount "0"]
[EventDate "2019.04.19"]
[EventRounds "7"]
[EventCountry "ENG"]

1. c4 {[%clk 01:30:56]} {[%emt 00:00:02]} Nf6 {[%clk 01:30:53]} {[%emt
00:00:08]} 2. Nc3 {[%clk 01:31:17]} {[%emt 00:00:08]} e6 {[%clk 01:31:17]}
{[%emt 00:00:06]} 3. Nf3 {[%clk 01:31:24]} {[%emt 00:00:23]} d5 {[%clk
01:31:41]} {[%emt 00:00:07]} 4. e3 {[%clk 01:31:38]} {[%emt 00:00:15]} Be7
{[%clk 01:32:04]} {[%emt 00:00:07]} 5. b3 {[%clk 01:31:23]} {[%emt 00:00:45]}
O-O {[%clk 01:32:25]} {[%emt 00:00:09]} 6. Bb2 {[%clk 01:31:38]} {[%emt
00:00:15]} c5 {[%clk 01:32:24]} {[%emt 00:00:31]} 7. cxd5 {[%clk 01:31:46]}
{[%emt 00:00:22]} exd5 {[%clk 01:32:15]} {[%emt 00:00:40]} 8. d4 {[%clk
01:31:45]} {[%emt 00:00:30]} Nc6 {[%clk 01:31:55]} {[%emt 00:00:50]} 9. Be2
{[%clk 01:24:04]} {[%emt 00:08:11]} Re8 {[%clk 01:27:01]} {[%emt 00:05:25]} 10.
O-O {[%clk 01:24:19]} {[%emt 00:00:15]} Bf5 {[%clk 01:25:58]} {[%emt 00:01:33]}
11. Rc1 {[%clk 01:21:50]} {[%emt 00:02:59]} cxd4 {[%clk 01:24:24]} {[%emt
00:02:04]} 12. Nxd4 {[%clk 01:22:11]} {[%emt 00:00:09]} Nxd4 {[%clk 01:24:48]}
{[%emt 00:00:05]} 13. Qxd4 {[%clk 01:22:23]} {[%emt 00:00:19]} Bd6 {[%clk
01:14:57]} {[%emt 00:10:21]} 14. Rfd1 {[%clk 01:04:48]} {[%emt 00:18:04]} Be5
{[%clk 01:12:12]} {[%emt 00:03:16]} 15. Qd2 {[%clk 01:03:29]} {[%emt 00:01:49]}
Be6 {[%clk 01:10:53]} {[%emt 00:01:49]} 16. Bf3 {[%clk 01:01:20]} {[%emt
00:02:39]} Qd7 {[%clk 01:10:06]} {[%emt 00:01:17]} 17. Ne2 {[%clk 00:55:17]}
{[%emt 00:06:32]} Bxb2 {[%clk 01:07:46]} {[%emt 00:02:51]} 18. Qxb2 {[%clk
00:55:45]} {[%emt 00:00:02]} Bg4 {[%clk 01:06:55]} {[%emt 00:01:22]} 19. Bxg4
{[%clk 00:51:50]} {[%emt 00:04:24]} Nxg4 {[%clk 01:06:40]} {[%emt 00:00:45]} 20.
Rd4 {[%clk 00:47:11]} {[%emt 00:05:09]} Nf6 {[%clk 01:06:08]} {[%emt 00:01:02]}
21. Rcd1 {[%clk 00:45:02]} {[%emt 00:02:39]} Re4 {[%clk 01:03:41]} {[%emt
00:02:57]} 22. Nc3 {[%clk 00:37:42]} {[%emt 00:07:49]} Rxd4 {[%clk 01:01:58]}
{[%emt 00:02:14]} 23. Rxd4 {[%clk 00:38:10]} {[%emt 00:00:02]} Rc8 {[%clk
01:01:07]} {[%emt 00:01:20]} 24. h3 {[%clk 00:33:37]} {[%emt 00:05:04]} Rc5
{[%clk 00:56:58]} {[%emt 00:04:40]} 25. Qd2 {[%clk 00:28:37]} {[%emt 00:05:30]}
Qc7 {[%clk 00:56:06]} {[%emt 00:01:22]} 26. Ne2 {[%clk 00:24:11]} {[%emt
00:04:55]} Rc2 {[%clk 00:54:51]} {[%emt 00:01:46]} 27. Qd1 {[%clk 00:22:32]}
{[%emt 00:02:08]} Rxa2 {[%clk 00:54:36]} {[%emt 00:00:45]} 28. e4 {[%clk
00:20:18]} {[%emt 00:02:44]} Qc5 {[%clk 00:49:40]} {[%emt 00:05:26]} 29. Ng3
{[%clk 00:08:55]} {[%emt 00:11:53]} Rc2 {[%clk 00:48:24]} {[%emt 00:01:46]}
 1/2-1/2